[Event "III Duchamp Open 2019"]
[Site "Rio de Janeiro"]
[Date "2019.12.09"]
[Round "4.1"]
[White "Roselli Mailhe, Bernardo"]
[Black "Martinez Alcantara, Jose Eduardo"]
[Result "0-1"]
[WhiteElo "2442"]
[BlackElo "2592"]
[Annotator "TA"]
[PlyCount "68"]
[EventDate "2019.12.07"]
[EventType "swiss"]
[EventCountry "BRA"]
[SourceTitle "playchess.com"]
[Source "ChessBase"]
[SourceQuality "1"]

{[%evp 12,72,2,7,9,12,4,2,9,7,5,10,1,0,0,0,21,25,25,-2,6,0,0,0,0,0,18,-6,-17,-77,-93,-89,-45,-79,-36,-39,-30,-71,-69,-201,-201,-200,-209,-311,-312,-296,-301,-307,-232,-435,-400,-730,-737,-29995,-1215,-1158,-1124,-2100,-1352,-2012,-1017,-1861,-1851]} 1. d4 Nf6 2. c4 e6 3. Nf3 b6 4. a3 c5 5. d5 Ba6 6. e3 exd5 7. cxd5 Bxf1 {E12: Queen's Indian: Unusual White 4th moves, 4 a3, 4 Nc3 Bb7 5 a3 and 4 Nc3 Bb7} 8. Kxf1 g6 9. Nc3 {Threatening e4.} Bg7 {The position is equal.} 10. g3 O-O 11. Kg2 d6 12. Re1 (12. e4 a6 13. a4 Re8 14. Re1 Nbd7 15. h3 {½-½ (53) Drozdovskij,Y (2561)-Ovetchkin,R (2543) playchess.com INT 2006}) 12... Nbd7 13. e4 Qb8 $146 ({Predecessor:} 13... Ng4 14. Nd2 f5 15. exf5 gxf5 {1-0 (50) Zimmerman,Y (2375)-Gozzoli,Y (2444) La Fere 2005}) 14. a4 a6 {[%cal Ba7a6,Ba6b5,Bb5b4][%mdl 32]} 15. h3 Qc7 16. Bd2 Rfe8 17. Rc1 Qb7 18. Bf4 b5 {Black wants to play ...b4.} 19. axb5 axb5 {With the idea ...b4.} 20. Qb3 {[#]} (20. Qc2 $11) 20... b4 $1 $17 {...c4 is the strong threat.} 21. Nd2 Qa6 22. Nd1 h6 {And now ...g5 would win.} (22... Nh5 $5 {[%cal Rh5f4]} 23. Ne3 Nxf4+ 24. gxf4 Bh6 $11) 23. g4 Nb6 $36 {[%mdl 2048] Black fights for an advantage.} 24. Ne3 Nxe4 25. Nxe4 ({White must play} 25. Ndc4 $1 $15) 25... Rxe4 $19 26. Bxd6 Na4 {[%mdl 64] Discovered Attack} 27. Ra1 (27. Bxc5 $142 Bxb2 28. Bxb4 Bxc1 29. Rxc1) 27... Qxd6 28. Rxa4 Rae8 29. Qd3 Bd4 30. Ra6 $2 (30. Ra8 Rxg4+ 31. hxg4 Rxa8 32. Qe4) 30... Qf4 {[%cal Rd4e3]} 31. d6 (31. Rf1 $142 Bxb2 32. Qb5) 31... Bxe3 32. f3 {[#]} Bf2 (32... Bg1 $142 $1 {[%mdl 512]} 33. Qd2 (33. Rxg1 Re2+) 33... Qxd2+ 34. Re2 Rxe2+ 35. Kh1 Rh2+ {[%mdl 64] Double Attack} 36. Kxg1 Qg2#) 33. fxe4 {Black is clearly winning.} Bxe1 34. d7 Qf2+ {Played: Re8-d8} 0-1

[Event "III Duchamp Open 2019"]
[Site "Rio de Janeiro"]
[Date "2019.12.09"]
[Round "4.2"]
[White "Supi, Luis Paulo"]
[Black "Vazquez, Guillermo"]
[Result "0-1"]
[WhiteElo "2578"]
[BlackElo "2506"]
[Annotator "TA"]
[PlyCount "78"]
[EventDate "2019.12.07"]
[EventType "swiss"]
[EventCountry "BRA"]
[SourceTitle "playchess.com"]
[Source "ChessBase"]
[SourceQuality "1"]

{[%evp 13,78,-17,-2,-8,-12,-8,0,0,10,-29,0,0,-20,-8,0,0,0,0,0,0,0,-15,-13,-44,-47,-47,0,-36,-36,-43,-43,-87,-10,-47,-44,-64,-64,-73,-60,-112,-43,-167,-146,-250,-258,-231,-181,-164,-84,-87,-92,-199,-199,-212,-196,-201,-176,-182,-178,-161,-118,-310,-278,-518,-525,-29987,-29988]} 1. d4 Nf6 2. c4 e6 3. Nc3 Bb4 4. g3 O-O 5. Bg2 d5 6. Nf3 dxc4 7. O-O Nc6 8. Qa4 {E20: Nimzo-Indian: 4 g3 and 4 f3} Nd5 9. Qc2 Be7 10. Rd1 {The position is equal.} b6 (10... Ncb4 11. Qd2 Rb8 12. Ne5 Nb6 13. a3 N4d5 14. e4 Nxc3 15. Qxc3 Bd7 16. Nxc4 Nxc4 17. Qxc4 {1-0 (70) Dubov,D (2700)-Anand,V (2764) Paris 2019}) 11. h4 (11. e4 $5 {[%cal Re4d5]} Ndb4 12. Qb1 $15) 11... h6 $146 ({Predecessor:} 11... Bb7 12. Ng5 Bxg5 13. Bxg5 f6 14. Bc1 Ncb4 15. Qd2 c5 16. dxc5 bxc5 17. Nxd5 Nxd5 {0-1 (64) Barrionuevo,P (2263)-Villanueva,M (2482) Buenos Aires 2019}) 12. e4 Ndb4 13. Qe2 Ba6 14. d5 exd5 15. exd5 Na5 16. Nd4 $1 {[%cal Rd4f5]} Bf6 $1 17. Nf5 {d6 is the strong threat.} Bc8 $1 {[%cal Rc8f5]} 18. Qg4 {And now Nxh6+ would win.} Bxf5 19. Qxf5 g6 20. Qh3 {aiming for d6.} Bg7 $36 {[%mdl 2048] White is under pressure.} 21. h5 g5 22. d6 Nd3 (22... cxd6 $17 {Black wants to play ...Qc8.} 23. Bxa8 Qxa8) 23. dxc7 Qxc7 {Hoping for ...Rae8.} 24. Bxa8 Rxa8 25. Be3 Nc6 {[%mdl 1024] Black has strong compensation.} 26. Rab1 ({White should play} 26. Nb5 $15 Qe7 27. Qg2) 26... Rd8 (26... Re8 $17) 27. Qg2 (27. Qf5 $15) 27... Qc8 $19 28. Ne2 (28. Nb5 $17) 28... Nce5 ({But not} 28... Bxb2 29. Rxb2 Nxb2 30. Rxd8+ Nxd8 31. Qe4 $17) 29. Bd4 Qg4 {Strongly threatening ...Nf3+.} 30. Bxe5 Qxe2 (30... Bxe5 $19 31. Rd2 Kg7) 31. Bxg7 $17 Kxg7 32. f3 {[#]} (32. Qf1 $17 Qxh5 33. b3) 32... Qe3+ $1 $19 33. Kh2 Rd4 34. Rf1 b5 {[%cal Bb6b5,Bb5b4][%mdl 32]} 35. Rbd1 b4 36. Qc2 a5 37. Kg2 $2 (37. Qg2 $17 {is a better defense.}) 37... g4 38. fxg4 $2 (38. f4) 38... Rxg4 39. Rf3 {[#]} Nf4+ $1 {[%mdl 576] Double Attack, Pin. Accuracy: White = 34%, Black = 64%.} 0-1

[Event "III Duchamp Open 2019"]
[Site "Rio de Janeiro"]
[Date "2019.12.09"]
[Round "4.3"]
[White "Ribeiro, Matheus Mendes Domin"]
[Black "Cruz, Cristhian"]
[Result "0-1"]
[WhiteElo "2061"]
[BlackElo "2562"]
[Annotator "TA"]
[PlyCount "88"]
[EventDate "2019.12.07"]
[EventType "swiss"]
[EventCountry "BRA"]
[SourceTitle "playchess.com"]
[Source "ChessBase"]
[SourceQuality "1"]

{[%evp 18,88,13,0,14,15,20,11,28,13,20,0,0,0,0,-22,-10,-29,-31,-27,-16,-30,-26,-109,-112,-110,-99,-105,-93,-141,-130,-126,-130,-127,-134,-134,-130,-136,-135,-129,-141,-133,-83,-108,-83,-94,-86,-92,-84,-92,-106,-215,-213,-215,-213,-542,-493,-593,-593,-593,-583,-1173,-1127,-4690,-2837,-5700,-5691,-5549,-5616,-29975,-5373,-4914,-1730]} 1. c4 e5 2. g3 Nc6 3. Bg2 Bc5 4. Nc3 a6 5. Nf3 d6 6. O-O Nf6 7. d3 h6 8. a3 O-O 9. b4 Ba7 10. Bb2 Re8 {A29: English Opening: Four Knights Variation with 4 g3} 11. Nd2 (11. e3 Ne7 12. Nd2 Rb8 13. Nde4 Ng6 14. Rc1 c6 15. c5 Nxe4 16. Nxe4 d5 17. Nd6 Bd7 18. Nxe8 Qxe8 {0-1 (44) Grischuk,A (2754)-Carlsen,M (2857) chess.com INT 2016}) 11... Ne7 12. Rc1 c6 {The position is equal.} 13. e3 $146 ({Predecessor:} 13. Nde4 Nf5 14. a4 Be6 15. b5 axb5 16. axb5 Nh7 17. Ra1 d5 18. Nd2 {½-½ (65) Stork,O (2111)-Wobbe,S (2049) Lueneburg 2018}) 13... Bg4 14. Qb3 Qd7 15. Nde4 Nxe4 16. dxe4 (16. Nxe4 {feels hotter.} Be6 17. Qc2 f5 18. Nd2 Rad8 19. Rce1) 16... Rad8 17. b5 axb5 18. cxb5 Be6 19. Qc2 cxb5 20. Nd5 (20. Rfd1 $11) 20... Nxd5 $17 21. exd5 Bf5 $36 {[%mdl 2048] Black is really pushing.} 22. Qb3 Bc5 23. Bc3 {[#]} Bd3 $1 24. Rfd1 Bc4 25. Qb2 Ra8 26. Bb4 Bxb4 27. Qxb4 Ra4 28. Qb2 Rea8 29. Rc3 b6 30. Bf1 Qa7 {[%cal Ra4a3]} 31. Rb1 Qa5 32. Rbc1 Rc8 33. Bd3 g6 34. Rb3 (34. Rb1 $17 {keeps fighting.}) 34... Rc5 $19 35. Bxc4 Raxc4 ({But not} 35... bxc4 36. Rxb6 c3 37. Rb8+ Kg7 38. Qb6 $15) 36. Rxc4 $2 {[#]} (36. Rf1 {is a better chance.}) 36... bxc4 37. Rxb6 {[%mdl 4096] Endgame KQR-KQR} c3 38. Rb8+ Kg7 39. Qc1 c2 40. Rb3 Qa6 41. Kg2 Qc4 42. Rb2 Qxd5+ 43. e4 Qd1 (43... Qxe4+ $142 44. Kg1 Qe2 45. Kg2 e4 46. Rxc2 Rxc2 47. Qa1+ f6 48. Qd4 g5 49. Qa7+ Kg6 50. Qd4 Qf3+ {[%mdl 64] Double Attack} 51. Kh3 Rxf2 52. Qxe4+ Qxe4 53. a4 Qxa4 54. g4 Qb3#) 44. Rxc2 Qxc1 {Accuracy: White = 35%, Black = 67%.} (44... Qxc2 $142 45. Qxc2 Rxc2) 0-1

[Event "III Duchamp Open 2019"]
[Site "Rio de Janeiro"]
[Date "2019.12.09"]
[Round "4.4"]
[White "Hernandez Guerrero, Gilberto"]
[Black "Galego, Luis"]
[Result "1/2-1/2"]
[WhiteElo "2554"]
[BlackElo "2483"]
[Annotator "TA"]
[PlyCount "65"]
[EventDate "2019.12.07"]
[EventType "swiss"]
[EventCountry "BRA"]
[SourceTitle "playchess.com"]
[Source "ChessBase"]
[SourceQuality "1"]

{[%evp 9,65,41,64,34,56,53,72,54,54,63,60,51,50,55,77,71,77,72,79,79,69,91,71,77,79,37,60,49,56,52,45,24,35,31,68,81,54,39,50,22,22,22,37,16,22,11,13,12,12,10,12,8,10,0,14,0,13,0]} 1. e4 d5 2. exd5 Qxd5 3. Nc3 Qd6 4. d4 Nf6 5. Nf3 a6 6. Bd3 {B01: Scandinavian Defence} (6. Be2 g6 7. O-O Bg7 8. h3 O-O 9. Be3 Nc6 10. Qd2 e6 11. Rad1 Ne7 12. Bf4 Qd8 13. Bh6 b6 14. Bxg7 Kxg7 {½-½ (47) Giri,A (2779)-Nakamura,H (2754) Paris 2019}) 6... Nc6 $146 ({Predecessor:} 6... Bg4 7. h3 Bh5 8. O-O e6 9. Ne4 Nxe4 10. Bxe4 {1-0 (43) Horther Schneider,E (1820)-Albrecht,A (1696) Bayern 2016}) 7. O-O Bg4 8. h3 {White is better.} Bh5 9. Ne4 Nxe4 10. Bxe4 e6 11. c3 Be7 12. Qb3 Bxf3 13. Bxf3 Rb8 14. Be3 O-O 15. Rad1 b5 16. Qc2 Bf6 17. Be4 (17. d5 $5 {[%cal Rd5c6]} Ne5 18. Be4 $16) 17... g6 $1 18. d5 Ne7 {[%cal Re7d5]} 19. dxe6 Qxe6 20. a3 Rbd8 21. Rfe1 Qc4 22. Bd3 Qc6 23. Bh6 Rfe8 24. Qc1 Nc8 {[#] Hoping for ...Rxe1+.} 25. Rxe8+ Rxe8 26. Re1 Nd6 {The position is equal.} 27. Rxe8+ (27. g3 {is more complex.} Rxe1+ 28. Qxe1 Qc5 29. h4 Qe5 30. Qd1) 27... Qxe8 28. Qe3 Qxe3 29. Bxe3 Kf8 30. Kf1 Ke7 31. Ke2 Ke6 32. Kd1 a5 33. Kc2 {Accuracy: White = 49%, Black = 63%.} 1/2-1/2

[Event "III Duchamp Open 2019"]
[Site "Rio de Janeiro"]
[Date "2019.12.09"]
[Round "4.5"]
[White "Diamant, Andre"]
[Black "Labussiere, Victor"]
[Result "1-0"]
[WhiteElo "2533"]
[BlackElo "2295"]
[Annotator "TA"]
[PlyCount "47"]
[EventDate "2019.12.07"]
[EventType "swiss"]
[EventCountry "BRA"]
[SourceTitle "playchess.com"]
[Source "ChessBase"]
[SourceQuality "1"]

{[%evp 27,47,13,16,0,30,33,196,220,211,197,206,206,207,205,257,262,256,247,272,286,292,293]} 1. e4 c5 2. Nf3 Nc6 3. d4 cxd4 4. Nxd4 e6 5. Nc3 Qc7 6. Be2 a6 7. O-O Nf6 8. Be3 Be7 9. f4 d6 10. Kh1 O-O 11. Qe1 Nxd4 12. Bxd4 b5 13. a3 Bb7 14. Qg3 Rad8 15. Bd3 {B85: Sicilian Scheveningen: 6 Be2 a6, lines with early Be3} Nh5 (15... Rd7 16. Rae1 Re8 17. Re2 Qd8 18. Qh3 Bf8 19. a4 e5 20. fxe5 dxe5 21. Bf2 b4 22. Nd5 Nxd5 23. exd5 {0-1 (62) Navara,D (2724)-Moranda,W (2597) Katowice 2019}) 16. Qh3 Nxf4 $2 (16... e5 $14 17. Qxh5 g6) 17. Rxf4 $18 {White is clearly better.} e5 18. Nd5 Bxd5 19. exd5 $40 {[%csl Gd3][%cal Rh3h7][%mdl 128] [#] White wants a kill.} g6 20. Qh6 $146 {aiming for Rf5!} ({Predecessor:} 20. Raf1 f5 21. Bxf5 gxf5 22. Rxf5 Rxf5 23. Rxf5 {½-½ (80) Kosintseva,T (2483)-Gomes,M (2354) Sochi 2015}) 20... f5 21. Bc3 Bf6 {And now ...Bg7 would win.} 22. Rff1 Bg7 23. Qd2 Rde8 24. Be2 1-0

[Event "III Duchamp Open 2019"]
[Site "Rio de Janeiro"]
[Date "2019.12.09"]
[Round "4.6"]
[White "Di Berardino, Diego Rafael"]
[Black "Rangel, Daniel"]
[Result "1-0"]
[WhiteElo "2489"]
[BlackElo "2258"]
[Annotator "TA"]
[PlyCount "59"]
[EventDate "2019.12.07"]
[EventType "swiss"]
[EventCountry "BRA"]
[SourceTitle "playchess.com"]
[Source "ChessBase"]
[SourceQuality "1"]

{[%evp 14,59,12,4,45,40,51,37,51,47,48,51,52,58,54,35,57,35,79,79,78,79,80,72,77,65,64,63,73,73,170,172,196,198,199,191,202,174,241,221,293,274,412,405,902,814,755,755]} 1. Nf3 Nf6 2. c4 e6 3. g3 d5 4. d4 Be7 5. Bg2 O-O 6. O-O dxc4 7. Qc2 a6 8. a4 a5 {E05: Open Catalan: 5 Nf3 Be7} (8... Bd7 9. Qxc4 Bc6 10. Bf4 Bd6 11. Qc1 Nbd7 12. Re1 Qe7 13. Nc3 Bxf3 14. Bxf3 Bxf4 15. Qxf4 c6 16. a5 Rad8 17. Red1 e5 18. Qe3 {0-1 (76) Ding,L (2811)-Radjabov,T (2758) Khanty-Mansiysk 2019}) 9. Rd1 Na6 10. Ne5 c6 {White is slightly better.} 11. Qxc4 Nb4 12. Nc3 Nd7 13. h4 $146 ({Predecessor:} 13. Bf4 Nd5 14. Nxd7 Bxd7 15. Bd2 Nb4 16. Rac1 {½-½ (74) Roiz,M (2677)-Zubov,A (2564) Israel 2009}) 13... Qb6 14. Bg5 Qd8 15. Ne4 Nf6 16. Nxf6+ Bxf6 17. Bxf6 Qxf6 18. Qc5 Qd8 19. Nc4 Ra6 20. Rac1 b6 21. Qh5 b5 (21... Na2 $16) 22. axb5 $18 cxb5 23. Qxb5 Bd7 24. Qc5 {And now Bb7 would win.} Ba4 25. Rd2 {[#] Bb7 is the strong threat.} Bc6 (25... Bb3 {was called for.} 26. e3 Bxc4) 26. e4 Bb7 27. d5 Qa8 (27... Qc8 {is a better defense.} 28. Qxc8 Rxc8) 28. Nd6 Rd8 (28... h6 $142 29. dxe6 Rc6) 29. Nxb7 Qxb7 {[#]} 30. dxe6 $1 {[%mdl 512] Accuracy: White = 79%, Black = 29%.} 1-0

[Event "III Duchamp Open 2019"]
[Site "Rio de Janeiro"]
[Date "2019.12.10"]
[Round "4.7"]
[White "Alonso, Salvador"]
[Black "Gauche, Charles"]
[Result "1/2-1/2"]
[WhiteElo "2481"]
[BlackElo "2248"]
[Annotator "TA"]
[PlyCount "129"]
[EventDate "2019.12.07"]
[EventType "swiss"]
[EventCountry "BRA"]
[SourceTitle "playchess.com"]
[Source "ChessBase"]
[SourceQuality "1"]

{[%evp 16,129,37,40,91,79,83,85,77,84,89,87,79,71,113,104,102,98,117,103,128,109,127,103,139,131,147,106,103,116,112,104,118,121,122,97,93,89,107,89,107,93,77,22,41,55,195,0,0,0,0,0,0,-62,0,-80,-61,-48,-58,-64,-64,-74,-54,-29,-34,-44,-45,-59,-6,-8,0,-63,-31,-68,-56,-86,-76,-83,-89,-79,-89,-92,-81,-103,-68,-70,-69,-50,0,0,0,0,0,0,0,0,0,0,0,0,0,0,2,15,77,74,19,35,139,63,153,161,138,25,34,0]} 1. e4 c5 2. Nf3 e6 3. d4 cxd4 4. Nxd4 a6 5. Bd3 Qc7 6. O-O Nf6 7. Qe2 d6 8. c4 Nbd7 9. f4 h5 {B42: Sicilian: Kan Variation: 5 Bd3} ({Black should play} 9... e5 $14) 10. Nf3 $146 ({Predecessor:} 10. Kh1 b6 11. Nc3 Be7 12. Bd2 g6 13. f5 Ne5 14. Bg5 Nfg4 15. Bxe7 Qxe7 16. Bc2 Bd7 17. Nf3 {1-0 (39) Shirov,A (2739)-Gwaze,R (2429) Khanty-Mansiysk 2007}) 10... b6 11. Nc3 Bb7 {White is better.} 12. Bd2 Be7 13. b4 h4 14. Ng5 Nh5 15. f5 e5 16. Nh3 Bf6 17. Nd5 Qd8 18. Rab1 Bc6 19. Be3 Rb8 20. Rbc1 Be7 21. Qf2 Nhf6 22. Nxe7 Qxe7 23. Qf3 Qd8 24. Nf2 Qc7 25. Nd1 Qb7 {[%cal Rc6e4]} 26. Nc3 {[#] b5 is the strong threat.} b5 27. cxb5 Bxb5 28. Bxb5 axb5 29. Nd5 (29. Rfd1 $16) 29... Nxd5 $11 30. exd5 Nb6 (30... Nf6 $14) 31. Bxb6 $2 (31. Rc6 $18 Nc4 32. f6) 31... Qxb6+ 32. Kh1 h3 33. gxh3 Qd4 34. f6 (34. Rg1 $11) 34... gxf6 (34... g6 $1 $15) 35. Rcd1 (35. Qg2 $11) 35... Qh4 (35... Qxb4 {is interesting.} 36. Qxf6 Qe4+ 37. Rf3 Rf8 38. Qf5 Qxf5 39. Rxf5 Rc8) 36. Qxf6 Qxf6 37. Rxf6 $15 {[%mdl 4096] Endgame KRR-KRR} Ke7 38. Rf3 Rbc8 {[%mdl 1024] Black has strong compensation.} 39. Rdf1 Rh7 40. Ra3 Rc7 41. Raf3 Rc4 (41... Kf8 $15) 42. Ra3 $1 $11 Rc7 (42... Rxb4 $11 43. Ra7+ Kf8) 43. Raf3 $15 Ke8 44. Rg3 Rh4 45. Rg8+ Ke7 46. Rg7 Kf8 47. Rg6 Rd7 48. Rg4 Rxh3 49. Kg2 Rh5 50. a4 bxa4 {White must now prevent ...f5.} 51. b5 f5 {Strongly threatening ...Rdh7.} (51... a3 {with more complications.} 52. Ra4 Rg5+ 53. Kh1 Rb7 54. Rxa3 Rxb5 55. Ra7 f5) 52. Rxa4 Rg7+ 53. Kh1 Rb7 54. Rb1 Ke7 55. b6 {aiming for Ra7.} Rh8 {Black wants to play ...Rhb8.} 56. Kg2 Kf6 57. Ra7 Rbb8 58. Rd7 Rbg8+ 59. Kh1 f4 (59... Rd8 $11 60. Rxd8 Rxd8) 60. Rxd6+ $16 Kf5 61. Rd7 e4 (61... Ra8 $14) 62. Re7 ({White should try} 62. b7 $16) 62... f3 (62... Ra8 $14 63. Rf7+ Ke5) 63. b7 Rd8 {[#]} 64. Kg1 ({White must play} 64. Rb5 $1 $16) 64... Rdg8+ $1 $11 65. Kf2 {Accuracy: White = 58%, Black = 45%.} 1/2-1/2

[Event "III Duchamp Open 2019"]
[Site "Rio de Janeiro"]
[Date "2019.12.09"]
[Round "4.8"]
[White "Perdomo, Leandro"]
[Black "Terao, Juliana Sayumi"]
[Result "1-0"]
[WhiteElo "2474"]
[BlackElo "2225"]
[Annotator "TA"]
[PlyCount "81"]
[EventDate "2019.12.07"]
[EventType "swiss"]
[EventCountry "BRA"]
[SourceTitle "playchess.com"]
[Source "ChessBase"]
[SourceQuality "1"]

{[%evp 22,81,33,29,41,22,43,-4,-7,0,40,18,37,0,0,0,0,0,32,-19,-18,-16,-16,-2,0,0,0,-33,111,122,119,81,66,64,71,75,144,139,131,118,116,56,45,51,49,0,0,0,41,0,78,73,68,83,62,77,980,795,29993,29994,29994,29995]} 1. d4 Nf6 2. c4 e6 3. Nc3 d5 4. cxd5 exd5 5. Bg5 Be7 6. e3 c6 7. Bd3 O-O 8. Qc2 Nbd7 9. Nf3 Re8 10. O-O Nf8 11. h3 g6 12. Bh6 Bd6 {D36: Queen's Gambit Declined: Exchange Variation: Main line (5 Bg5 c6 6 Qc2)} (12... Ne6 13. Ne5 Ng7 14. g4 Nd7 15. f4 Bb4 16. Qf2 f6 17. Nf3 Nf8 18. Nh4 f5 19. Bxg7 Kxg7 20. gxf5 {½-½ (44) Leko,P (2669)-Sarana,A (2618) Moscow 2018}) 13. Rab1 Qe7 14. Bf4 $146 ({Predecessor:} 14. Bg5 Ne6 15. Bh4 Ng7 16. e4 dxe4 17. Nxe4 Ngh5 18. Rfe1 Be6 19. g4 Qd7 20. Nxf6+ Nxf6 21. Bxf6 Bxg4 {1-0 (33) Shariyazdanov,A (2465)-Riline Orso,A (2250) Roque Saenz Pena 1997}) 14... Bxf4 {The position is equal.} 15. exf4 Nh5 16. Rbe1 {[%cal Bb1e1,Be1e5,Be5f5][%mdl 32]} Be6 17. f5 gxf5 18. Bxf5 Qf6 19. Re5 {aiming for Bxe6.} Nf4 20. Bxe6 ({White should play} 20. Qd2 $14 Bxf5 21. Qxf4 Rxe5 22. dxe5) 20... N8xe6 $11 21. Qf5 $1 {[%cal Rf5f6]} Qg7 {[%csl Gf4][%cal Rg7g2]} 22. Qg4 Ng6 23. Rf5 f6 24. Ne2 {Black should prevent Ng3.} Nef8 {[#]} (24... Qf8 $15 {stays ahead.}) 25. Ng3 $1 $16 {[%cal Rg3h5]} Re6 26. Nh5 Qe7 27. h4 Kh8 28. Ng3 {Black must now prevent h5.} Qd6 (28... Qg7 $142) 29. h5 Ne7 30. Rf4 Nd7 31. Nf5 (31. Nh4 $16) 31... Nxf5 $14 32. Qxf5 Rae8 33. Rd1 $40 {[%mdl 128] White is up to no good.} Nb6 34. h6 Qf8 35. Ne5 R8e7 (35... Nc8 $11 {keeps the balance.}) 36. Rd3 $16 {And now Rg3 would win.} Nc4 37. Nxc4 $1 dxc4 38. Rh3 $1 Qd8 $2 {[%mdl 8192] [#]} (38... Re1+ $16 39. Kh2 Rf7) 39. Re3 $1 {[%mdl 512]} Qe8 (39... Rxe3 40. Qxf6+) 40. Rxe6 Rxe6 {[#]} 41. Re4 $1 {[%mdl 512] Accuracy: White = 53%, Black = 31%.} 1-0

[Event "III Duchamp Open 2019"]
[Site "Rio de Janeiro"]
[Date "2019.12.09"]
[Round "4.9"]
[White "Lopes, Artur Farias"]
[Black "Zambrana, Oswaldo"]
[Result "0-1"]
[WhiteElo "1995"]
[BlackElo "2445"]
[Annotator "TA"]
[PlyCount "58"]
[EventDate "2019.12.07"]
[EventType "swiss"]
[EventCountry "BRA"]
[SourceTitle "playchess.com"]
[Source "ChessBase"]
[SourceQuality "1"]

{[%evp 20,58,2,8,3,-11,-8,-25,-23,-37,-6,-7,-1,-15,0,-22,-13,-14,-20,-127,-75,-81,-78,-66,-75,-85,-80,-293,-290,-398,-411,-423,-410,-496,-497,-693,-722,-808,-804,-731,-744]} 1. Nf3 Nf6 2. g3 g6 3. c4 c6 4. Bg2 Bg7 5. Nc3 d5 6. d4 O-O 7. O-O Ne4 8. cxd5 Nxc3 9. bxc3 cxd5 10. Qb3 Nc6 11. Nd2 e6 $1 {D79: Fianchetto Grünfeld: Symmetrical Variation (6 0-0 c6 7 cxd5 cxd5)} 12. e3 (12. e4 Na5 13. Qd1 Qc7 14. Qf3 b6 15. exd5 exd5 16. Nb3 Nxb3 17. Bf4 Nxd4 18. cxd4 Qc2 19. Rac1 Qxa2 20. Qxd5 Qxd5 21. Bxd5 {0-1 (44) Nabaty,T (2619)-Swiercz,D (2656) Gjakova 2016}) 12... Na5 13. Qb4 b6 {Black has an edge.} 14. Qb5 $146 ({Predecessor:} 14. Ba3 Re8 15. Rfc1 Bf8 16. Qb2 Ba6 17. Bxf8 Kxf8 18. Bf1 Bxf1 19. Kxf1 {0-1 (64) Jabbar,R (1766)-Sulcz,I (1859) Budapest 2016}) 14... Bb7 15. Ba3 Re8 16. Rfc1 Rc8 17. c4 Bc6 $36 {[%mdl 2048] Black is pushing.} 18. Qa6 $1 Qd7 19. Bb4 (19. Rab1 $1 $11) 19... dxc4 (19... Nxc4 $142 20. Nxc4 dxc4 21. Bxc6 Qxc6) 20. Bxa5 $17 {[#]} Bb5 $1 {[%cal Rb5a6]} 21. Qb7 Rc7 22. Qf3 {aiming for Bc3.} bxa5 23. Rc2 $2 (23. Ne4 $17) 23... e5 $19 24. dxe5 Bxe5 25. Rac1 {[%cal Rd2c4]} c3 26. Ne4 Bd3 {Black is clearly winning.} 27. Rxc3 Bxc3 28. Nxc3 Rec8 29. Qf6 Qf5 {Accuracy: White = 16%, Black = 80%.} 0-1

[Event "III Duchamp Open 2019"]
[Site "Rio de Janeiro"]
[Date "2019.12.10"]
[Round "4.10"]
[White "Rodi, Luis Ernesto"]
[Black "Pirola, Claudionor Alcides L"]
[Result "1/2-1/2"]
[WhiteElo "2341"]
[BlackElo "2106"]
[Annotator "TA"]
[PlyCount "130"]
[EventDate "2019.12.07"]
[EventType "swiss"]
[EventCountry "BRA"]
[SourceTitle "playchess.com"]
[Source "ChessBase"]
[SourceQuality "1"]

{[%evp 18,130,33,17,17,8,19,7,23,19,35,33,33,27,31,22,65,62,77,60,61,54,50,21,33,0,58,68,112,125,145,113,129,76,115,131,132,104,137,158,140,143,175,166,169,48,38,47,45,37,43,31,36,32,25,31,85,84,90,48,75,0,86,46,56,0,0,0,0,0,0,0,0,0,0,-22,0,0,0,-16,-16,-16,-16,-16,-16,-16,-16,-18,0,0,0,0,0,0,0,0,0,0,0,0,0,0,0,0,0,0,0,0,0,0,0,0,0,-16,0]} 1. d4 d5 2. Bg5 Nf6 3. e3 e6 4. c4 Be7 5. Nc3 O-O 6. Qc2 b6 7. cxd5 exd5 8. Bd3 Nbd7 9. Nf3 Bb7 10. Ne5 h6 {D55: Queen's Gambit Declined: 4 Bg5 Be7: Lines without ...h6 and 6...h6 7 Bxf6} 11. Bf4 c5 12. O-O Nh5 (12... Nxe5 13. Bxe5 Bd6 14. Rad1 Ng4 15. Bg3 Bxg3 16. hxg3 c4 17. Be2 Nf6 18. Bf3 a6 19. e4 dxe4 20. Nxe4 Nxe4 21. Bxe4 Bxe4 22. Qxe4 {½-½ (36) Sundararajan,K (2474)-Arun Prasad,S (2530) Moscow 2012}) 13. Nxd7 Qxd7 14. Bh7+ Kh8 15. Bf5 Qc6 $146 {[#] And now ...cxd4 would win.} ({Predecessor:} 15... Qd8 16. Be5 f6 17. Bg3 Nxg3 18. hxg3 cxd4 19. exd4 {1-0 (58) Kjeldsen,T-Hjort,H Vejle 1974}) 16. Be5 Bf6 17. f4 g6 18. Bg4 Ng7 19. Bf3 Rad8 20. Rad1 cxd4 21. exd4 Bxe5 (21... Be7 $1 $11) 22. fxe5 $14 Nf5 23. Qd2 $36 {[%mdl 2048] [#] Strongly threatening g4. Black is under strong pressure.} Kg7 24. g4 Ne7 25. Bg2 (25. Be2 $142) 25... Bc8 26. Rf6 Be6 27. h3 Rc8 28. Bf1 Ng8 29. Rf2 f6 30. Ba6 Rcd8 31. Bb5 ({White should try} 31. Rc1 $18) 31... Qc7 32. Re1 fxe5 {...e4 is the strong threat.} 33. Rxe5 Rxf2 34. Qxf2 Bf7 35. Qe3 Qd6 36. a3 Qf6 (36... a5 $14) 37. Kg2 $16 Qd6 38. Be2 Rd7 39. Bb5 Rd8 40. Qg3 Nf6 41. Re3 (41. Bd3 $14) 41... Ne4 $11 {The position is equal.} 42. Qxd6 Rxd6 43. Kg1 g5 44. Nxe4 dxe4 45. Rxe4 {[%mdl 4096] Endgame KRB-KRB} Kf6 46. Be8 Bxe8 (46... Bc4 {feels hotter.} 47. Kf2 Bd3 48. Re3 Rxd4 49. Bc6 Bc4) 47. Rxe8 Rxd4 {KR-KR} 48. Re2 Rd3 49. Kg2 Rb3 50. Kh2 $1 a5 51. Kg2 a4 52. Kh2 $1 Rb5 53. Kg2 Re5 54. Rc2 Ke7 55. Rc4 b5 56. Rb4 $1 Kd6 57. Kf2 Rc5 58. Ke3 Kc6 59. Kd3 Rc1 60. Re4 Kd5 {White must now prevent ...Rd1+.} 61. Re8 Rh1 62. Re3 $1 Rc1 63. Re8 Rh1 64. Re3 $1 Rc1 65. Re8 Rh1 {Accuracy: White = 67%, Black = 58%.} 1/2-1/2